000 00286nam a2200097Ia 4500
001 734519
005 20250826163835.0
008 250824s9999 xx 000 0 und d
245 0 _aBİLDİĞİN GİBİ DEĞİL -NESLİ TÜKENMEKTE OLAN HAYVANLAR
_cASENA MERİÇ
260 _bYEDİVEREN ÇOCUK
999 _c734519
_d734519